The selection and governance of officials decoding china cadre system (Record no. 524212)
[ view plain ]
| 000 -LEADER | |
|---|---|
| fixed length control field | 00376nam a22001457a 4500 |
| 020 ## - INTERNATIONAL STANDARD BOOK NUMBER | |
| International Standard Book Number | 9787119086026 |
| 040 ## - CATALOGING SOURCE | |
| Transcribing agency | NUST |
| 082 ## - DEWEY DECIMAL CLASSIFICATION NUMBER | |
| Classification number | 351.51 |
| Author Mark | YAN |
| 100 ## - MAIN ENTRY--PERSONAL NAME | |
| Personal name | Yang Wang |
| 9 (RLIN) | 15027 |
| 245 ## - TITLE STATEMENT | |
| Title | The selection and governance of officials decoding china cadre system |
| 260 ## - PUBLICATION, DISTRIBUTION, ETC. | |
| Name of publisher, distributor, etc. | Foreing languages press |
| Date of publication, distribution, etc. | 2013 |
| 300 ## - PHYSICAL DESCRIPTION | |
| Extent | ill,207,P,: |
| 500 ## - GENERAL NOTE | |
| General note | P.B |
| 942 ## - ADDED ENTRY ELEMENTS (KOHA) | |
| Source of classification or shelving scheme | |
| Koha item type | Book |
| Withdrawn status | Lost status | Source of classification or shelving scheme | Damaged status | Not for loan | Permanent Location | Current Location | Shelving location | Date acquired | Full call number | Barcode | Date last seen | Price effective from | Koha item type |
|---|---|---|---|---|---|---|---|---|---|---|---|---|---|
| NUST Law School (NLS) | NUST Law School (NLS) | Chinese Studies | 06/18/2019 | 351.51 YAN | CL-D-378 | 06/18/2019 | 06/18/2019 | Book |
